| 000 | 00836nac a22002291u 4500 | ||
|---|---|---|---|
| 010 | _a74013559 | ||
| 020 | _a007Y859981 | ||
| 082 | 0 | 0 |
_a621.4021 _bZ53 |
| 090 |
_c923 _d923 |
||
| 100 | _aZemansky, Mark Waldo, | ||
| 245 | 1 | 0 |
_aBasic engineering thermodynamics _c[by] Mark W. Zemansky, Michael M. Abbott, [and] Hendrick C. Van Ness. |
| 250 | _a2d ed. | ||
| 260 |
_aAuchland : _bMcGraw-Hill Book Co. _c[1975] |
||
| 300 |
_axvi, 492 p. _billus. _c24 cm. |
||
| 490 | _aMechanical engineering series | ||
| 504 | _aIncludes bibliographical references. | ||
| 650 | 0 | _aThermodynamics. | |
| 700 | 1 | _aAbbott, Michael M., | |
| 700 | 1 |
_aVan Ness, H. C. _q(Hendrick C.), |
|
| 942 |
_cBB _k621.4021Z53 |
||
| 999 |
_c923 _d923 |
||